Statistics for Guess the album by its badly drawn cover

Click here to take the quiz!

General Stats

  • This quiz has been taken 38 times
  • The average score is 4 of 10

Answer Stats

Answer% Correct
Divide
93%
Renaissance
67%
Harry's House
50%
1989
43%
Norman Fucking Rockwell!
40%
Random Access Memories
40%
Future Nostalgia
33%
Planet Her
23%
Retired From Sad, New Career in Business
20%
Witness
13%

Score Distribution

Percentile by Number Answered

Percent of People with Each Score

Your Score History

You have not taken this quiz